Statistics for Countries Of The World

Click here to take the quiz!

General Stats

  • This quiz has been taken 16 times
  • The average score is 71 of 200

Answer Stats

HintAnswer% Correct
OttowaCanada
100%
Guatemala CityGuatemala
92%
Mexico cityMexico
92%
D.C.U.S.A.
92%
CairoEgypt
83%
Panama CityPanama
83%
TunisTunisia
83%
BrasilliaBrazil
75%
HavanaCuba
75%
Djibouti CityDjibouti
75%
San SalvadorEl Salvador
75%
AlgiersAlgeria
67%
Buenos AiresArgentina
67%
SantiagoChile
67%
LimaPeru
67%
ViennaAustria
58%
NassauBahamas
58%
BeijingChina
58%
BogotaColombia
58%
PragueCzech Republic
58%
CopenhagenDenmark
58%
ParisFrance
58%
BerlinGermany
58%
AthensGreece
58%
BissauGuinea Bissau
58%
New DelhiIndia
58%
DublinIreland
58%
JerusalemIsrael
58%
RomeItaly
58%
KingstonJamaica
58%
TokyoJapan
58%
Kuwait CityKuwait
58%
Luxembourg CityLuxembourg
58%
Monaco CityMonaco
58%
OsloNorway
58%
LisbonPortugal
58%
MoscowRussia
58%
San Marino CitySan Marino
58%
SingaporeSingapore
58%
SeoulSouth Korea
58%
MadridSpain
58%
StockholmSweden
58%
BernSwitzerland
58%
TaipeiTaiwan
58%
AmsterdamThe Netherlands
58%
LondonUnited Kingdom
58%
MontevideoUruguay
58%
Vatican CityVatican City
58%
Andorra La VellaAndorra
50%
CanberraAustralia
50%
BrusselsBelgium
50%
La PazBolivia
50%
Santo DomingoDominican Republic
50%
QuitoEcuador
50%
HelsinkiFinland
50%
ReykjavikIceland
50%
JakartaIndonesia
50%
WellingtonNew Zealand
50%
WarsawPoland
50%
Sao TomeSao Tome and Principe
50%
KyivUkraine
50%
CaracasVenezuela
50%
St. JohnsAntigua and Barbuda
42%
BridgetownBarbados
42%
SofiaBulgaria
42%
Port-Au-PrinceHaiti
42%
BudapestHungary
42%
TehranIran
42%
BeirutLebanon
42%
TripoliLibya
42%
Kuala LumpurMalaysia
42%
KathmanduNepal
42%
ManaguaNicaragua
42%
AsuncionParaguay
42%
DakarSenegal
42%
BangkokThailand
42%
Abu DhabiThe United Arab Emirates
42%
Port of SpainTrinidad and Tobago
42%
KabulAfghanistan
33%
MinskBelarus
33%
BelmopanBelize
33%
NicosiaCyprus
33%
KinshasaDemocratic Republic of the Congo
33%
Addis AbabaEthiopia
33%
TiblissiGeorgia
33%
ConakryGuinea
33%
GeorgetownGuyana
33%
TegucigalpaHonduras
33%
NairobiKenya
33%
MonroviaLiberia
33%
VaduzLichtenstein
33%
RabatMorroco
33%
PyongyangNorth Korea
33%
ManillaPhillipines
33%
DohaQatar
33%
BelgradeSerbia
33%
MogadishuSomalia
33%
PretoriaSouth Africa
33%
JubaSouth Sudan
33%
ParamariboSuriname
33%
DamascusSyria
33%
AnkaraTurkey
33%
HanoiVietnam
33%
TiranaAlbania
25%
YerevanArmenia
25%
DhakaBangladesh
25%
SarajevoBosnia and Herzegovina
25%
Bandar Seri BegawanBrunei
25%
Phnom PenhCambodia
25%
PraiaCape Verde
25%
N'DjamenaChad
25%
San JoseCosta Rica
25%
RoseauDominica
25%
AsmaraEritrea
25%
TallinnEstonia
25%
AccraGhana
25%
NuukGreenland
25%
St. GeorgesGrenada
25%
BaghdadIraq
25%
Nur-SultanKazakhstan
25%
PristinaKosovo
25%
RigaLatvia
25%
VilniusLithuania
25%
MaleMaldives
25%
NouakchottMauritania
25%
UlaanbaatarMongolia
25%
NiameyNiger
25%
SkopjeNorth Macedonia
25%
IslamabadPakistan
25%
Port MoresbyPapua New Guinea
25%
BrazzivilleRepublic of the Congo
25%
BucharestRomania
25%
RiyadhSaudi Arabia
25%
LjubljanaSlovenia
25%
ColomboSri Lanka
25%
CastriesSt. Lucia
25%
KhartoumSudan
25%
BanjulThe Gambia
25%
DiliTimor-Leste
25%
HarareZimbabwe
25%
LuandaAngola
17%
BakuAzerbaijan
17%
ManamaBahrain
17%
Porto-NovoBenin
17%
ThimpuBhutan
17%
OuagadougouBurkina Faso
17%
GitegaBurundi
17%
YaoundeCameroon
17%
BanguiCentral African Republic
17%
ZagrebCroatia
17%
MalaboEquatorial Guinea
17%
SuvaFiji
17%
LibrevilleGabon
17%
YamoussoukroIvory Coast
17%
AmmanJordan
17%
BishkekKyrgzstan
17%
VientianeLaos
17%
AntananarivoMadagascar
17%
BamakoMali
17%
VallettaMalta
17%
ChisinauMoldova
17%
PodgoricaMontenegro
17%
MaputoMozambique
17%
Nay Pyi TawMyanmar
17%
WindhoekNamibia
17%
AbujaNigeria
17%
MuscatOman
17%
KigaliRwanda
17%
VictoriaSeychelles
17%
FreetownSierra Leone
17%
BratislavaSlovakia
17%
HoniaraSolomon Islands
17%
BasseterreSt. Kitts and Nevis
17%
KingstownSt. Vincent and the Grenadines
17%
LomeTogo
17%
AshgabatTurkmenistan
17%
KampalaUganda
17%
Port-VilaVanuatu
17%
SanaaYemen
17%
LusakaZambia
17%
GabroneBotswana
8%
MoroniComoros
8%
MbabaneEswatini
8%
PalikirFederated States of Micronesia
8%
CayenneFrench Guiana
8%
HagatnaGuam
8%
TarawaKiribati
8%
MaseruLesotho
8%
LilongweMalawi
8%
MajuroMarshall Islands
8%
Port LouisMauritius
8%
YarenNauru
8%
NgerulmudPalau
8%
ApiaSamoa
8%
DushanbeTajikistan
8%
Dar es SalaamTanzania
8%
Nuku'alofaTonga
8%
FunafutiTuvalu
8%
TashkentUzbekistan
8%
LayounneWestern Sahara
8%

Score Distribution

Percentile by Number Answered

Percent of People with Each Score

Your Score History

You have not taken this quiz